书目信息 |
| 题名: |
蛙
|
|
| 作者: | 莫言 著 | |
| 分册: | ||
| 出版信息: | 北京 作家出版社 2012.11 |
|
| 页数: | 347页 | |
| 开本: | 23cm | |
| 丛书名: | 莫言文集 | |
| 单 册: | ||
| 中图分类: | I247.57 , I217.2 | |
| 科图分类: | ||
| 主题词: | 长篇小说--中国--当代 , 长篇小说 , 文学--作品集--中国 | |
| 电子资源: | ||
| ISBN: | 978-7-5063-6694-6 | |
| 000 | 00999oam2 2200289 450 | |
| 001 | 010010106752 | |
| 005 | 20130422161552.39 | |
| 010 | @a978-7-5063-6694-6@dCNY35.00,CNY700.00(全20册) | |
| 100 | @a20121119d2012 em y0chiy50 ea | |
| 101 | 0 | @achi |
| 102 | @aCN@b110000 | |
| 105 | @ay z 000ay | |
| 106 | @ar | |
| 200 | 1 | @a蛙@9wa@f莫言著 |
| 210 | @a北京@c作家出版社@d2012.11 | |
| 215 | @a347页@d23cm | |
| 225 | 2 | @a莫言文集 |
| 330 | @a本书以从事妇产科工作五十多年的乡村女医生姑姑的人生经历为线索,用生动感人的细节和自我反省,展现了新中国六十年波澜起伏的“生育史”,揭露了当代中国生育问题上的混乱现象,同时也深刻剖析了以叙述人蝌蚪为代表的中国知识分子卑微、尴尬、纠结、矛盾的灵魂世界。 | |
| 461 | 0 | @12001 @a莫言文集 |
| 606 | 0 | @a长篇小说@y中国@z当代 |
| 606 | 0 | @a长篇小说 |
| 606 | 0 | @a文学@x作品集@x中国 |
| 690 | @aI247.57@v5 | |
| 690 | @aI217.2@v4 | |
| 701 | 0 | @a莫言@9mo yan@f(1955-)@4著 |
| 801 | 0 | @aCN@bRENTIAN@c20121119 |
| 905 | @b541979-81@dI217.2@e656:14@f3@xCNY35.00 | |
| 蛙/莫言著.-北京:作家出版社,2012.11 |
| 347页;23cm.-(莫言文集) |
| ISBN 978-7-5063-6694-6:CNY35.00,CNY700.00(全20册) |
| 本书以从事妇产科工作五十多年的乡村女医生姑姑的人生经历为线索,用生动感人的细节和自我反省,展现了新中国六十年波澜起伏的“生育史”,揭露了当代中国生育问题上的混乱现象,同时也深刻剖析了以叙述人蝌蚪为代表的中国知识分子卑微、尴尬、纠结、矛盾的灵魂世界。 |
| ● |
| 相关链接 |
|
|
|
|
正题名:蛙
索取号:I217.2/656:14
 
预约/预借
| 序号 | 登录号 | 条形码 | 馆藏地/架位号 | 状态 | 备注 |
| 1 | 0541979 | 205419796 | 第一样本阅览室/ [索取号:I217.2/656:14] | 在馆 |